| Tag |
First Indicator |
Second Indicator |
Subfields |
| LEADER |
00000cam a22000001a 4500 |
| 001 |
in00003689608 |
| 005 |
20190408174645.0 |
| 006 |
m o d f |
| 007 |
cr bn mmmapmmp |
| 008 |
141202s1912 dcu o f000 0 eng d |
| 035 |
|
|
|a ebd1910201718
|
| 040 |
|
|
|a UMI
|c UMI
|d UtOrBLW
|
| 086 |
0 |
|
|a C 13.7:912
|
| 099 |
|
|
|a C13.7-8
|
| 110 |
1 |
|
|a United States.
|b Bureau of Standards.
|0 http://id.loc.gov/authorities/names/n89633966
|
| 245 |
1 |
0 |
|a Weights and measures; 7th annual conference of representatives from various States, held at Bureau of Standards, Washington, D.C., Feb. 15 and 16, 1912.
|
| 264 |
|
1 |
|a [Washington] :
|b GPO,
|c 1912.
|
| 300 |
|
|
|a 1 online resource (186+ovolumes pages)
|
| 336 |
|
|
|a text
|b txt
|2 rdacontent
|
| 337 |
|
|
|a computer
|b c
|2 rdamedia
|
| 338 |
|
|
|a online resource
|b cr
|2 rdacarrier
|
| 500 |
|
|
|a Series of annual reports presenting proceedings of National Conference on Weights and Measures. Reports include text of discussions, papers, and committee reports, some with data. Reports also include list of attendees.
|
| 533 |
|
|
|a Electronic reproduction.
|b [Bethesda, Md.] :
|c ProQuest,
|d 2014.
|e digital, PDF file.
|n ProQuest U.S. Executive Branch Documents
|n Mode of access: World Wide Web via ProQuest website.
|
| 588 |
|
|
|a Record is based on online resource; title from PDF title page (ProQuest, last viewed Dec. 2014). Reuse except for individual research requires license from ProQuest, LLC.
|
| 500 |
|
|
|a Electronic resource.
|
| 650 |
|
0 |
|a Railroad equipment industry.
|0 http://id.loc.gov/authorities/subjects/sh85110876
|
| 655 |
|
7 |
|a Electronic books.
|2 local
|
| 856 |
4 |
0 |
|u http://proxy.library.tamu.edu/login?url=http://congressional.proquest.com/congressional/docview/t66.d71.c13.7-8
|z Connect to the full text of this electronic document
|t 0
|
| 999 |
f |
f |
|s 83f54f02-5a9b-364e-93c9-0d2decb6d0f1
|i f1e2ed0e-3375-3122-a114-4a182666cc02
|t 0
|
| 952 |
f |
f |
|a Texas A&M University
|b College Station
|c Electronic Resources
|d Available Online
|t 0
|h No information provided
|
| 998 |
f |
f |
|t 0
|l Available Online
|